000 00360nam a2200133Ia 4500
005 20251222143312.0
008 251222s9999||||xx |||||||||||||| ||spa||
020 _a958-04-4184-7
082 _a658.409.2/C77
100 _aCooper, Robert K.
245 0 _aLa Inteligencia Emocional Aplicada al Liderazgo y a las Organizaciones
264 _bNorma
942 _cLIB
999 _c15752
_d15752